000 00519nam a2200193Ia 4500
008 230312s9999 xx 000 0 und d
041 _aeng
082 _a621.3815'3
_b621.3815'3 LEA
100 _aLeach D.
_9169422
245 _aDigital Principles And Applications
250 _a6th ed.
260 _c2009
_bTata Mc-Graw Hill
300 _a683
365 _cRs.
_b300.00
700 _aMalvinoA.SahaG.
_9169423
710 _aLeach D.; Malvino A. & Saha G.
_9169424
906 _b1800
999 _c130102
_d130102